000 00295nam a2200109Ia 4500
008 190902s9999||||xx |||||||||||||| ||und||
100 _aWilhoit,Robert
245 0 _aSelected Readings in Public Speaking
260 _aCalifornia
_bDickenson publishing company
_c1966
300 _a264p.:
942 _cBK
999 _c2813
_d2813